<?xml version="1.0" encoding="UTF-8"?><?xml-stylesheet type="text/xsl" href="static/style.xsl"?><OAI-PMH xmlns="http://www.openarchives.org/OAI/2.0/" xmlns:xsi="http://www.w3.org/2001/XMLSchema-instance" xsi:schemaLocation="http://www.openarchives.org/OAI/2.0/ http://www.openarchives.org/OAI/2.0/OAI-PMH.xsd"><responseDate>2026-04-17T05:14:30Z</responseDate><request verb="GetRecord" identifier="oai:www.recercat.cat:10459.1/66631" metadataPrefix="marc">https://recercat.cat/oai/request</request><GetRecord><record><header><identifier>oai:recercat.cat:10459.1/66631</identifier><datestamp>2024-12-05T23:03:41Z</datestamp><setSpec>com_2072_3622</setSpec><setSpec>col_2072_478537</setSpec></header><metadata><record xmlns="http://www.loc.gov/MARC21/slim" xmlns:dcterms="http://purl.org/dc/terms/" xmlns:xsi="http://www.w3.org/2001/XMLSchema-instance" xmlns:doc="http://www.lyncode.com/xoai" xsi:schemaLocation="http://www.loc.gov/MARC21/slim http://www.loc.gov/standards/marcxml/schema/MARC21slim.xsd">
   <leader>00925njm 22002777a 4500</leader>
   <datafield ind2=" " ind1=" " tag="042">
      <subfield code="a">dc</subfield>
   </datafield>
   <datafield ind2=" " ind1=" " tag="720">
      <subfield code="a">Bartolomé Anguita, Gorka Bartoloma</subfield>
      <subfield code="e">author</subfield>
   </datafield>
   <datafield ind2=" " ind1=" " tag="260">
      <subfield code="c">2019-07-24T10:59:27Z</subfield>
   </datafield>
   <datafield ind2=" " ind1=" " tag="260">
      <subfield code="c">2019-07-24T10:59:27Z</subfield>
   </datafield>
   <datafield ind2=" " ind1=" " tag="260">
      <subfield code="c">2019</subfield>
   </datafield>
   <datafield ind2=" " ind1=" " tag="520">
      <subfield code="a">El autor empieza a buscar realmente materiales que historiográficamente le pudieran aportar algo más de luz en lo referente a los orígenes de la Orden y sus verdaderas características, así como forma de vida y conocimientos. Están ustedes ante un incrédulo de Temple esotérico y místico. Por el momento, debido a la escasa documentación que resistió la  persecución del Temple a inicios del s. XIV solo se puede deducir lo que esas fuentes  nos trasladan y no mucho más. Todas las conclusiones que se quieran extraer en relación  a la situación de diferentes enclaves Templarios, su simbología, o incluso sus supuestas&#xd;
 ceremonias secretas no deja de ser de momento más que el fruto de especulaciones y  mentes imaginativas, generadas también por las circunstancias de su caída como orden y  por los malentendidos que se crearon por una incorrecta interpretación de sus  comportamientos y procedimientos.  Dado que el fenómeno de las relaciones humanas y la sociología han sido uno de los&#xd;
 principales intereses en la vida personal y profesional del autor, la posibilidad de estudiar el&#xd;
 elemento que estos caballeros consideraron que era su código de conducta tanto en el&#xd;
 convento como en el campo de batalla supuso una gran oportunidad para él a la hora de  poder entender mejor la esencia de la Orden Templaria y también de poder entender más&#xd;
 en profundidad la forma en que estos caballeros se relacionaban con su contexto histórico.</subfield>
   </datafield>
   <datafield ind1="8" ind2=" " tag="024">
      <subfield code="a">http://hdl.handle.net/10459.1/66631</subfield>
   </datafield>
   <datafield tag="653" ind2=" " ind1=" ">
      <subfield code="a">Regla Catalana del Temple</subfield>
   </datafield>
   <datafield tag="653" ind2=" " ind1=" ">
      <subfield code="a">Templers -- Catalunya</subfield>
   </datafield>
   <datafield ind2="0" ind1="0" tag="245">
      <subfield code="a">La Regla Catalana del Temple</subfield>
   </datafield>
</record></metadata></record></GetRecord></OAI-PMH>